[Event "V Millennium Festival"]
[Site "Virginia Beach USA"]
[Date "2004.04.03"]
[Round "3"]
[White "Friedman,J"]
[Black "Rubenchik,R"]
[Result "0-1"]
[WhiteElo "2195"]
[BlackElo "2345"]

1.e4 c5 2.Nf3 d6 3.Bb5+ Nd7 4.O-O Nf6 5.Re1 a6 6.Bf1 g6 7.c3 Bg7 8.d4 O-O
9.a4 b6 10.d5 Ne8 11.Bf4 Ne5 12.Bxe5 Bxe5 13.Nxe5 dxe5 14.Nd2 Nd6 15.Nc4 f6
16.Qb3 Rb8 17.Na5 Qc7 18.Nc6 Ra8 19.a5 b5 20.c4 b4 21.Qe3 Nb7 22.Qh6 Rf7
23.f4 Bd7 24.fxe5 fxe5 25.Qg5 Bxc6 26.dxc6 Nxa5 27.Rad1 Nxc6 28.Rd5 e6 29.Rxc5 Qb6
30.Qe3 Raf8 31.Bd3 Nd4  0-1

[Event "TCh-CZE Extraliga 2003-4"]
[Site "Czech Rep CZE"]
[Date "2004.04.04"]
[Round "11"]
[White "Bazant,P jr"]
[Black "Berezjuk,S"]
[Result "1-0"]
[WhiteElo "2361"]
[BlackElo "2358"]

1.e4 c5 2.Nf3 d6 3.Bb5+ Bd7 4.Bxd7+ Qxd7 5.O-O Nc6 6.c3 Nf6 7.Qe2 e6 8.d3 Be7
9.Na3 O-O 10.Ne1 d5 11.f4 dxe4 12.dxe4 Rfd8 13.e5 Ne8 14.Be3 Qd5 15.Rf3 Qe4
16.Nc4 f6 17.exf6 Nxf6 18.a4 Rd7 19.Nc2 Rad8 20.Re1 Rd3 21.N2a3 Qd5 22.Rff1 e5
23.fxe5 Nxe5 24.Rf5 Nfg4 25.Bg5 Bxg5 26.Rxg5 Nf3+ 27.gxf3 Qxg5 28.Qe6+ Kf8
29.fxg4 Rd1 30.Rxd1 Rxd1+ 31.Kg2 h5 32.Nb5 Qxg4+ 33.Qxg4 hxg4 34.a5 Ke7 35.Nxa7 Kd7
36.Nb5 Re1 37.Kf2 Rh1 38.Kg2 Re1 39.Nbd6 Kc6 40.Nf5 Kb5 41.Nfe3 Re2+ 42.Kg3 g6
43.b3 Ka6 44.Nd5 Rc2 45.b4 Re2 46.Nc7+ Ka7 47.b5 Rc2 48.Nd5 Re2 49.Nde3 Ra2
50.Nd5 Ra4 51.b6+ Kb8 52.Nd6 c4 53.Nf6 Rxa5 54.Nd7+ Ka8 55.Ne8  1-0

[Event "TCh-FRA Nat1 GpB"]
[Site "Montpellier FRA"]
[Date "2004.04.04"]
[Round "7"]
[White "Guadalpi,D"]
[Black "Julve,P"]
[Result "1-0"]
[WhiteElo "2274"]
[BlackElo "2297"]

1.e4 c5 2.Nf3 d6 3.Bb5+ Nd7 4.d4 cxd4 5.Qxd4 e5 6.Qd3 h6 7.O-O Nf6 8.c4 Be7
9.Nc3 O-O 10.Bxd7 Bxd7 11.Rd1 Bc6 12.Nd2 a6 13.a4 b6 14.b3 Re8 15.Rb1 Bf8
16.Nf1 Re6 17.Ne3 g6 18.Ned5 Nd7 19.Qh3 h5 20.Be3 Rc8 21.Qg3 Kh7 22.Bg5 Qe8
23.Qh4 Bg7 24.Be3 f5 25.f3 Bh6 26.Bxh6 Kxh6 27.exf5 gxf5 28.Ne3 Qg6 29.Ncd5 Qg5
30.Qxg5+ Kxg5 31.g3 f4 32.h4+ Kh6 33.Nf5+ Kh7 34.Nfe7 Bxd5 35.Nxc8 Bxf3 36.Rxd6 Rxd6
37.Nxd6 fxg3 38.Rf1 e4 39.Nxe4 Bxe4 40.Rf7+ Kg6 41.Rxd7 Kf5 42.Rg7 Kf4 43.b4 Bd3
44.c5 bxc5 45.bxc5 Be4 46.a5 g2 47.Kf2 Bd5 48.Rg5 Bf3 49.Rg6 Be4 50.Rxa6 Kg4
51.c6 Kh3 52.Kg1 Kxh4 53.c7 Bb7 54.Rb6  1-0

[Event "Asian U16b"]
[Site "Tehran IRI"]
[Date "2004.04.04"]
[Round "2"]
[White "Tofighi,H"]
[Black "Arun Prasad,S"]
[Result "0-1"]
[WhiteElo "2228"]
[BlackElo "2334"]

1.e4 c5 2.Nf3 d6 3.Bb5+ Nd7 4.O-O a6 5.Bxd7+ Bxd7 6.d4 cxd4 7.Qxd4 e6 8.Rd1 h6
9.Nc3 Bc6 10.Nd2 b5 11.a4 Nf6 12.axb5 axb5 13.Rxa8 Qxa8 14.Qb6 Nd7 15.Qd4 e5
16.Qe3 Be7 17.Nb3 Nf6 18.f3 O-O 19.Kh1 Rc8 20.Bd2 b4 21.Ne2 Qb8 22.Na5 Ba8
23.c3 d5 24.exd5 Bc5 25.Qd3 e4  0-1

[Event "ch-HUN U20"]
[Site "Budapest HUN"]
[Date "2004.04.05"]
[Round "1"]
[White "Tamas,M"]
[Black "Berczes,D"]
[Result "1/2-1/2"]
[WhiteElo "1959"]
[BlackElo "2293"]

1.e4 c5 2.Nf3 d6 3.Bb5+ Nd7 4.O-O Nf6 5.Re1 a6 6.Bf1 b6 7.c4 Bb7 8.Nc3 e6
9.d4 cxd4 10.Nxd4 Be7 11.b3 O-O 12.g3 Qc7 13.Bb2 Rac8 14.Bg2 Rfe8 15.Qe2 Bf8
16.Rad1 Qb8 17.Nc2 Qa8 18.f4 b5 19.e5 dxe5 20.fxe5 Bc5+ 21.Nd4 Bxg2 22.Qxg2 Ng4
23.Ne4 Bb4 24.Re2 Ngxe5 25.cxb5 Red8 26.Nc2 Bf8 27.Red2 f6 28.Bxe5 Nxe5 29.Nxf6+ gxf6
30.Qxa8 Rxa8 31.Rxd8 Ra7 32.bxa6 Rxa6 33.a3 Kf7 34.b4 Rc6 35.Nd4 Rc3 36.Nb5 Rc2
37.Nd4 Rc4 38.Nb5 Rc2 39.Nd4 Rc3 40.Ra8 Bh6 41.Kg2 Be3 42.Nb5 Rc2+ 43.Kh3 Nf3
44.Rh1 Ng5+ 45.Kh4 Kg6 46.Rg8+ Kh6 47.Nd6 Rd2 48.Nb5 Rd5 49.a4 Ne4 50.g4 Bg5+
51.Kh3 Rd2 52.Nc7 Nf2+ 53.Kg2 Nxg4+ 54.Kg3 Rd3+ 55.Kg2 Rd2+ 56.Kg3 Rd3+ 57.Kg2 Rd2+
58.Kg3 Rd3+ 59.Kg2  1/2-1/2

[Event "Asian U16b"]
[Site "Tehran IRI"]
[Date "2004.04.07"]
[Round "6"]
[White "Khamrakulov,D"]
[Black "Gopal,G"]
[Result "1/2-1/2"]
[WhiteElo "2200"]
[BlackElo "2269"]

1.e4 c5 2.Nf3 d6 3.Bb5+ Bd7 4.Bxd7+ Qxd7 5.O-O Nf6 6.Re1 Nc6 7.c3 e6 8.d4 cxd4
9.cxd4 d5 10.e5 Ne4 11.Be3 Be7 12.Nfd2 Nxd2 13.Nxd2 O-O 14.f4 Rac8 15.Nf1 Rc7
16.a3 Na5 17.Bf2 Rfc8 18.Qd3 a6 19.Re3 Qa4 20.Be1 Nc6 21.Rd1 Na7 22.Rh3 g6
23.g4 Nb5 24.Qb3 Qxb3 25.Rxb3 Rc4 26.Bf2 Bd8 27.Nd2 Ra4 28.Rd3 Rc2 29.Rb1 Bb6
30.Nb3 Rac4  1/2-1/2

[Event "ch-HUN U20"]
[Site "Budapest HUN"]
[Date "2004.04.08"]
[Round "4"]
[White "Radnai,A"]
[Black "Szabo,K"]
[Result "0-1"]
[WhiteElo "2175"]
[BlackElo "2336"]

1.e4 c5 2.Nf3 d6 3.Bb5+ Bd7 4.Bxd7+ Nxd7 5.O-O Ngf6 6.Qe2 e6 7.b3 Be7 8.Bb2 O-O
9.c4 a6 10.Nc3 Ne5 11.Rad1 Nxf3+ 12.Qxf3 b5 13.d3 Nd7 14.Qg3 g6 15.f4 Bf6
16.Qe1 Bd4+ 17.Kh1 Qf6 18.Ba1 b4 19.Na4 Bxa1 20.Rxa1 e5 21.f5 g5 22.Qe2 Qg7
23.g4 Rfb8 24.Kg2 Nf6 25.Rh1 h5 26.h3 Kf8 27.Kf2 Ke7 28.Rag1 Rb7 29.Kg3 Rh8
30.Qf3 Rbb8 31.Kf2 Rh6 32.Rg3 Rbh8 33.Rhg1 hxg4 34.hxg4 Rh2+ 35.R1g2 Rh1
36.Rg1 R8h2+ 37.R3g2 Qh6 38.Nb6 Qh4+ 39.Qg3 Rxg1 40.Kxg1 Qxg3 41.Rxg3 Rxa2
42.Rg2 Ra1+ 43.Kh2 Rb1 44.Ra2 Rxb3 45.Rxa6 Rxd3 46.Ra8 b3 47.Nd5+ Nxd5 48.cxd5 c4
49.Ra7+ Kf6  0-1

[Event "Open ch-NOR"]
[Site "Oslo NOR"]
[Date "2004.04.08"]
[Round "6"]
[White "Taksrud,V"]
[Black "Pedersen,O"]
[Result "1/2-1/2"]
[WhiteElo "1904"]
[BlackElo "2123"]

1.e4 c5 2.Nf3 d6 3.Bb5+ Bd7 4.a4 Nc6 5.O-O Nf6 6.Re1 g6 7.c3 Bg7 8.d4 cxd4
9.cxd4 O-O 10.Nc3 a6 11.Bf1 Rc8 12.h3 e6 13.Bf4 Ne8 14.d5 Ne5 15.Nxe5 Bxe5
16.Bxe5 dxe5 17.Qb3 Nd6 18.Rad1 Qe7 19.Qa3 Rfd8 20.a5 Kf8 21.dxe6 Bxe6 22.Nd5 Bxd5
23.Rxd5 f6 24.Red1 Nf7 25.Qb3 Rxd5 26.Rxd5 Rd8 27.Rxd8+ Nxd8 28.Qd5 Nf7 29.Bc4 Ke8
30.h4 Nd6 31.Bd3 Kd7 32.Qg8 Qf7 33.Qh8 Kc6 34.Qd8 Qb3 35.Bf1 Nxe4 36.Qc8+ Kd6
37.Qd8+ Ke6 38.Qe8+ Kd6 39.Qb8+ Kd7 40.Bxa6 Qxb2 41.Qxb7+ Qxb7 42.Bxb7 Nc5
43.Bd5 Kd6 44.Bc4 Kc6 45.h5 gxh5 46.Kh2 Ne4 47.f3 Nd2 48.Bd3 Nb3 49.a6 Kb6
50.Kg3 Nc5 51.Bxh7 Nxa6 52.Kh4 Kc6 53.Kxh5 Kd6 54.Bf5 Nc7 55.Kg6 Ke7 56.g3 Nd5
57.Be4 Ne3 58.Bd3 Nd5 59.Bc4 Nb6 60.Bb3 Nd7 61.Kf5 Nc5 62.Bc4 Nd7 63.g4 Nb6
64.Be6 Na4 65.g5 fxg5 66.Kxe5 Nc3 67.Bc4 Nd1 68.Bf1 g4 69.f4 Ne3 70.Bd3 g3
71.Be4  1/2-1/2

[Event "77th ch-city"]
[Site "St Petersburg RUS"]
[Date "2004.04.08"]
[Round "8"]
[White "Matlakov,M"]
[Black "Klimov,S"]
[Result "0-1"]
[WhiteElo "2346"]
[BlackElo "2520"]

1.e4 c5 2.Nf3 d6 3.Bb5+ Bd7 4.Bxd7+ Qxd7 5.c4 Nf6 6.Nc3 Nc6 7.d4 cxd4 8.Nxd4 g6
9.f3 Bg7 10.Be3 O-O 11.O-O Rfc8 12.b3 a6 13.a4 Qd8 14.Qd2 Nd7 15.Rfd1 Rab8
16.Rab1 Qa5 17.Nde2 e6 18.Nd4 Nc5 19.Nce2 Qxd2 20.Rxd2 Na5 21.Nc1 Nxa4 22.Ra1 b5
23.cxb5 axb5 24.bxa4 Nc4 25.Ncb3 bxa4 26.Rxa4 Nxe3 27.Kf2 Bh6 28.Rd3 Nc4
29.Rc3 Nb2 30.Rxc8+ Rxc8 31.Ra2 Nd3+ 32.Ke2 Nf4+ 33.Kf2 Rb8 34.g3 Nd3+ 35.Ke2 Nb4
36.Ra5 Rc8 37.f4 Bg7 38.Ra4 Rc4 39.Ra8+ Bf8 40.Ke3 e5 41.Ne2 d5 42.exd5 Nxd5+
43.Kd3 Rb4 44.Nc5 Kg7 45.Nd7 e4+ 46.Kc2 Be7 47.Ra7 f6 48.Ra5 Ne3+ 49.Kc3 Rc4+
50.Kb3 Rc7  0-1

[Event "Asian U16b"]
[Site "Tehran IRI"]
[Date "2004.04.08"]
[Round "8"]
[White "Tofighi,H"]
[Black "Gopal,G"]
[Result "1/2-1/2"]
[WhiteElo "2228"]
[BlackElo "2269"]

1.e4 c5 2.Nf3 d6 3.Bb5+ Bd7 4.Bxd7+ Qxd7 5.O-O Nf6 6.Re1 Nc6 7.c3 e6 8.d4 cxd4
9.cxd4 d5 10.e5 Ne4 11.a3 Be7 12.Qd3 O-O 13.Nbd2 Nxd2 14.Nxd2 Rac8 15.b4 a6
16.Bb2 Na7 17.Nb3 Rc4 18.Rac1 Rfc8 19.Nd2 Rxc1 20.Rxc1 Rxc1+ 21.Bxc1 Qa4
22.Nb3 Qc6 23.Kf1 Nb5 24.Bb2 Qc4 25.Ke2 Bg5 26.g3 Nc3+ 27.Bxc3 Qxb3 28.Bd2 Qa2
29.f4 Bd8 30.Qc3 Qc4+  1/2-1/2

[Event "8th Neckar Open"]
[Site "Deizisau GER"]
[Date "2004.04.09"]
[Round "2"]
[White "Pohl,W"]
[Black "Ftacnik,L"]
[Result "0-1"]
[WhiteElo "2217"]
[BlackElo "2582"]

1.e4 c5 2.Nf3 d6 3.Bb5+ Nd7 4.d4 Nf6 5.Nc3 a6 6.Bxd7+ Nxd7 7.O-O b5 8.Ne2 Bb7
9.Ng3 g6 10.Re1 Bg7 11.c3 O-O 12.Bf4 b4 13.Qd2 Re8 14.Bh6 bxc3 15.bxc3 Bh8
16.Rad1 Rb8 17.h4 Qa5 18.Ng5 cxd4 19.Qf4 f6 20.Qg4 e6 21.Nf3 Ne5 22.Nxe5 dxe5
23.h5 Kf7 24.cxd4 exd4 25.hxg6+ hxg6 26.f4 f5 27.Qh3 Bf6 28.e5 Be7 29.Nxf5 exf5
30.e6+ Kg8 31.Re5 Qxa2 32.Rxf5 Qxg2+ 33.Qxg2 Bxg2 34.Rf7 Be4 35.Re1 Rb1  0-1

[Event "Pobeskydi Technomont Cup"]
[Site "Frydek Mistek CZE"]
[Date "2004.04.09"]
[Round "4"]
[White "Vyskocil,N"]
[Black "Michenka,J"]
[Result "0-1"]
[WhiteElo "2339"]
[BlackElo "2337"]

1.e4 c5 2.Nf3 d6 3.Bb5+ Bd7 4.Bxd7+ Qxd7 5.O-O Nc6 6.c3 Nf6 7.d4 cxd4 8.cxd4 d5
9.e5 Ne4 10.Ne1 h6 11.Be3 e6 12.f3 Ng5 13.Nc3 Be7 14.Qd3 Nb4 15.Qd2 Rc8 16.Nd3 Nc6
17.f4 Ne4 18.Nxe4 dxe4 19.Nf2 Bb4 20.Qc2 Nxe5 21.Qxe4 Nc4 22.Nd3 Bd2 23.Bf2 Qd5
24.Qxd5 exd5 25.Rad1 Ba5 26.b4 Bd8 27.Rfe1+ Be7 28.Bh4 f6 29.f5 Kf7 30.Bg3 Bd6
31.Re6 Rhd8 32.Rde1 Rc7 33.Bxd6 Nxd6 34.g4 Nb5 35.Nf4 Nxd4 36.Rd1 Nxe6 37.Nxe6 Rcc8
38.Nxd8+ Rxd8 39.Rc1 Ke7 40.Kf2 Kd6 41.Re1 Rc8 42.Kf3 Rc3+ 43.Kf4 Rc4+ 44.Kg3 Re4
45.Rb1 d4 46.h4 Kd5  0-1

[Event "Open ch-NOR"]
[Site "Oslo NOR"]
[Date "2004.04.09"]
[Round "7"]
[White "Howell,D"]
[Black "Pert,R"]
[Result "1/2-1/2"]
[WhiteElo "2332"]
[BlackElo "2424"]

1.e4 c5 2.Nf3 d6 3.Bb5+ Nd7 4.d4 Nf6 5.O-O cxd4 6.Qxd4 g6 7.e5 dxe5 8.Nxe5 Bg7
9.Rd1 O-O 10.Nxd7 Nxd7 11.Qa4 Nc5 12.Rxd8 Rxd8 13.Qf4 Rd1+ 14.Bf1 Ne6 15.Qe3 Bd4
16.Qh6 Bg7 17.Qe3 Bd4 18.Qh6 Bg7  1/2-1/2

[Event "6th Foxwoods Open"]
[Site "Connecticut USA"]
[Date "2004.04.10"]
[Round "6"]
[White "Pruess,D"]
[Black "Coleman,T"]
[Result "1-0"]
[WhiteElo "2376"]
[BlackElo "2254"]

1.e4 c5 2.Nf3 d6 3.Bb5+ Bd7 4.Bxd7+ Qxd7 5.O-O Nf6 6.Re1 g6 7.c4 Bg7 8.d4 cxd4
9.Nxd4 Nc6 10.Nc2 O-O 11.Nc3 a6 12.a4 Na5 13.Ne3 Rfc8 14.b3 b5 15.axb5 axb5
16.Nxb5 Nxe4 17.Ra3 Nc6 18.Nd5 Qf5 19.Qc2 Rxa3 20.Bxa3 Nc5 21.Qxf5 gxf5 22.Nxe7+ Nxe7
23.Rxe7 Nxb3 24.Nxd6 Ra8 25.Re8+ Rxe8 26.Nxe8 Na5 27.Nd6 f4 28.Kf1 Bf8 29.c5 Nc6
30.Ke2 Ne5 31.Bb2 f3+ 32.gxf3 Nd7 33.c6 Bxd6 34.cxd7 Be7 35.Kd3 Bd8 36.Ke4 Kf8
37.Ba3+ Kg7 38.Kd5 Kf6 39.Kc6 Ke6 40.Bd6 h5 41.Bc7 Ke7 42.Bxd8+ Kxd8 43.Kd6 h4
44.h3 f5 45.Ke6 f4 46.Kf5  1-0

[Event "ACP Blitz Prelim2"]
[Site "playchess.com INT"]
[Date "2004.04.13"]
[Round "4"]
[White "Vescovi,G"]
[Black "Kharlov,A"]
[Result "0-1"]
[WhiteElo "2648"]
[BlackElo "2593"]

1.e4 c5 2.Nf3 d6 3.Bb5+ Bd7 4.Bxd7+ Nxd7 5.c4 Ngf6 6.Nc3 g6 7.O-O Bg7 8.d4 cxd4
9.Nxd4 O-O 10.b3 a6 11.Bg5 e6 12.Bh4 Nc5 13.f3 Qc7 14.Kh1 Rac8 15.Rb1 Nh5
16.Nde2 Nd7 17.a4 Nc5 18.Qd2 Bf6 19.Bf2 Rfd8 20.g4 Ng7 21.Bg3 Ne8 22.Rfd1 Qe7
23.Qe3 Bg5 24.f4 Bh4 25.g5 Bxg3 26.hxg3 Qc7 27.Kg2 Qc6 28.Qf3 f5 29.exf5 gxf5
30.Nd4 Qxf3+ 31.Kxf3 Ng7 32.Rh1 Nd7 33.Nde2 Nf8 34.Rhd1 Rc6 35.Rd3 Rdc8 36.Rbd1 Ne8
37.g4 Rb6 38.gxf5 Rxb3 39.Nd4 Ra3 40.Nxe6 Rxc4 41.Nd5 Rcxa4 42.Nd8 Nd7 43.f6 Kf8
44.Ne6+ Kf7 45.Nd8+ Kf8 46.Rxa3 Rxa3+ 47.Kg4 Ra5 48.Kf5 Nb6 49.Ke6 Nxd5 50.Rxd5 Nc7+
51.Kd7 Nxd5 52.Ne6+ Kf7 53.Nd8+ Kg6 54.f7 Kg7 55.Nxb7 Rb5 56.Nxd6 Nxf4 57.Ke7 Ng6+
58.Ke6 Re5+ 59.Kd7 Rd5 60.Ke6 Rxd6+  0-1

[Event "ACP Blitz Prelim2"]
[Site "playchess.com INT"]
[Date "2004.04.13"]
[Round "8"]
[White "Vescovi,G"]
[Black "Shomoev,A"]
[Result "0-1"]
[WhiteElo "2648"]
[BlackElo "2487"]

1.e4 c5 2.Nf3 d6 3.Bb5+ Bd7 4.Bxd7+ Qxd7 5.c4 Nc6 6.Nc3 Nf6 7.d4 cxd4 8.Nxd4 g6
9.f3 Bg7 10.Nde2 O-O 11.O-O a6 12.a4 e6 13.Bg5 Qc7 14.Kh1 Rac8 15.b3 Nd7
16.Rb1 Nc5 17.Bh4 Rfe8 18.Qc2 Nb4 19.Qd2 Ncd3 20.Na2 Nxa2 21.Qxd3 Nb4 22.Qd2 Nc6
23.Rfd1 Bf8 24.Bf6 Ne5 25.Qe3 Nd7 26.Bc3 b5 27.cxb5 axb5 28.axb5 Qb7 29.Qd4 f6
30.Qd3 Ne5 31.Qd2 Qxb5 32.h3 Qb7 33.f4 Nd7 34.Ng3 Be7 35.Ba1 Rc7 36.b4 Rec8
37.Qa2 Nf8 38.Rd2 h5 39.Re1 Rc4 40.f5 h4 41.Nf1 Rxe4 42.Rxe4 Qxe4 43.fxe6 Rc1
44.Rf2 Qxe6 45.Qa3 Qc4 46.Kg1 d5  0-1

[Event "FSIM April"]
[Site "Budapest HUN"]
[Date "2004.04.14"]
[Round "12"]
[White "Gikas,B"]
[Black "Wegener,O"]
[Result "1/2-1/2"]
[WhiteElo "2271"]
[BlackElo "2405"]

1.e4 c5 2.Nf3 d6 3.Bb5+ Nd7 4.d4 Nf6 5.Nc3 cxd4 6.Qxd4 e5 7.Qd3 h6 8.Be3 Be7
9.Bc4 O-O 10.O-O Nb6 11.Bb3 Be6 12.Nh4  1/2-1/2

[Event "ACP Blitz Prelim3"]
[Site "playchess.com INT"]
[Date "2004.04.14"]
[Round "2"]
[White "Zarnicki,P"]
[Black "Relange,E"]
[Result "0-1"]
[WhiteElo "2521"]
[BlackElo "2505"]

1.e4 c5 2.Nf3 d6 3.Bb5+ Bd7 4.Bxd7+ Qxd7 5.c4 Nf6 6.Nc3 g6 7.d4 cxd4 8.Nxd4 Bg7
9.O-O Nc6 10.Nde2 O-O 11.f3 e6 12.Bg5 Rad8 13.Kh1 h6 14.Bh4 g5 15.Bg3 d5
16.cxd5 exd5 17.Qa4 d4 18.Rfd1 h5 19.Bf2 d3 20.Ng3 h4 21.Nf5 h3 22.gxh3 Qe6
23.Rg1 Nh7 24.h4 Ne5 25.Bd4 Kh8 26.Bxe5 Bxe5 27.hxg5 Qg6 28.Rg4 d2 29.Rd1 Qh5
30.Qb5 Qxh2+  0-1

[Event "ACP Blitz Prelim3"]
[Site "playchess.com INT"]
[Date "2004.04.14"]
[Round "7"]
[White "Zhang Zhong"]
[Black "Golubev,M"]
[Result "1-0"]
[WhiteElo "2633"]
[BlackElo "2532"]

1.e4 c5 2.Nf3 d6 3.Bb5+ Bd7 4.Bxd7+ Qxd7 5.O-O Nf6 6.Re1 e6 7.d3 Be7 8.Nbd2 O-O
9.Nf1 Nc6 10.Ng3 b5 11.Ng5 e5 12.f4 d5 13.exd5 Qxd5 14.fxe5 Nxe5 15.Nf5 Rfe8
16.Ne4 Nxe4 17.Rxe4 c4 18.Nxe7+ Rxe7 19.Qe2 cxd3 20.cxd3 f5 21.Re3 Rae8 22.Bd2 f4
23.Re4 Qxd3 24.Qxd3 Nxd3 25.Rd4 Nxb2 26.Bxf4 Nc4 27.a4 a6 28.axb5 axb5 29.Bg3 Rb7
30.Rb1 Rc8 31.Rb4 Na5 32.Rd5 Rc1+ 33.Kf2 Rf7+ 34.Rf4 Rxf4+ 35.Bxf4 Rb1 36.Rd7 Nc4
37.Rc7 Rd1 38.Rc5 Rb1 39.h4 g6 40.Rc7 h5 41.Bg5 Rb2+ 42.Kg3 Nd6 43.Rc6 Nf5+
44.Kf4 Kf7 45.Rf6+ Kg7 46.Rb6 Rb4+ 47.Ke5 Nxh4 48.Rb7+ Kf8 49.Be7+ Ke8 50.Bxb4 Nxg2
51.Ke6  1-0

[Event "ACP Blitz Prelim3"]
[Site "playchess.com INT"]
[Date "2004.04.14"]
[Round "14"]
[White "Atarov,E"]
[Black "Belov,Vl"]
[Result "0-1"]
[WhiteElo "2138"]
[BlackElo "2543"]

1.e4 c5 2.Nf3 d6 3.Bb5+ Bd7 4.Bxd7+ Qxd7 5.Nc3 Nc6 6.O-O Nf6 7.d4 cxd4 8.Nxd4 g6
9.f3 Bg7 10.Be3 O-O 11.Qd2 Rfc8 12.Rad1 Ne5 13.b3 a6 14.a4 Qc7 15.Nce2 d5
16.exd5 Nxd5 17.Bf2 e6 18.c4 Ne7 19.Qe3 N5c6 20.Nxc6 Nxc6 21.Rd2 Rd8 22.Rfd1 Rxd2
23.Rxd2 Rd8 24.Rd3 Nb4 25.Rxd8+ Qxd8 26.g3 h5 27.Kg2 Nd3 28.Qd2 Qd7 29.Nc1 Ne5
30.Qxd7 Nxd7 31.Nd3 e5 32.Be3 f5 33.Kf2 Kf7 34.Nc5 Nxc5 35.Bxc5 g5 36.Ke3 g4
37.Bd6 Ke6 38.Bb8 Bf8 39.Kf2 Bc5+ 40.Kg2 e4 41.fxe4 fxe4 42.h3 Kf5 43.hxg4+ Kxg4
44.Bf4 h4 45.Bd2 h3+ 46.Kh2 Bf2 47.b4  0-1

[Event "ACP Blitz Prelim3"]
[Site "playchess.com INT"]
[Date "2004.04.14"]
[Round "15"]
[White "Zarnicki,P"]
[Black "Grischuk,A"]
[Result "1/2-1/2"]
[WhiteElo "2521"]
[BlackElo "2719"]

1.e4 c5 2.Nf3 d6 3.Bb5+ Bd7 4.Bxd7+ Qxd7 5.O-O Nf6 6.e5 dxe5 7.Nxe5 Qd6 8.Nc4 Qd7
9.Ne5 Qd6 10.Nc4 Qd7 11.Ne5  1/2-1/2

[Event "ACP Blitz Prelim3"]
[Site "playchess.com INT"]
[Date "2004.04.14"]
[Round "17"]
[White "Fressinet,L"]
[Black "Nielsen,PH"]
[Result "1-0"]
[WhiteElo "2638"]
[BlackElo "2628"]

1.e4 c5 2.Nf3 d6 3.Bb5+ Bd7 4.Bxd7+ Qxd7 5.O-O g6 6.c3 Nf6 7.Qe2 Bg7 8.d4 O-O
9.e5 Nd5 10.Nbd2 cxd4 11.cxd4 Nc6 12.Qe4 dxe5 13.dxe5 Rad8 14.Nc4 Nb6 15.Nxb6 axb6
16.Be3 Qd5 17.Qh4 Nxe5 18.Nxe5 Qxe5 19.Bxb6 Rd2 20.Rae1 Qxb2 21.Bc5 Bf6 22.Qe4 Re8
23.Rb1 Qxa2 24.Rxb7 Qd5 25.Qb4 Rd1 26.g3 Rxf1+ 27.Kxf1 Qh1+ 28.Ke2 Qxh2 29.Bxe7 Qh1
30.Rb8 Qc6 31.Qd6 Qe4+ 32.Kd2 Bg5+ 33.f4 Qg2+ 34.Kc3 Qxg3+ 35.Kc4 h5 36.Rxe8+ Kh7
37.Bxg5 Qg2 38.Qe5 Qc6+ 39.Kd4 Qa4+ 40.Ke3 Qb3+ 41.Kd2 Qa2+ 42.Kc1 Qa3+ 43.Kc2 Qa4+
44.Kc3 Qa3+ 45.Kc4 Qa4+ 46.Kc5 Qa5+ 47.Kd6 Qb6+ 48.Ke7 Qb7+ 49.Kf8 Qb4+ 50.Be7 Qxf4
51.Qg7+  1-0

[Event "6th Open"]
[Site "Dubai UAE"]
[Date "2004.04.19"]
[Round "1"]
[White "Janahi,Z"]
[Black "Efimenko,Z"]
[Result "0-1"]
[WhiteElo "2251"]
[BlackElo "2566"]

1.e4 c5 2.Nf3 d6 3.Bb5+ Bd7 4.Bxd7+ Nxd7 5.O-O Ngf6 6.Re1 e6 7.c4 Ne5 8.d3 Be7
9.h3 O-O 10.Nh2 Nc6 11.Nc3 Nd7 12.f4 a6 13.Nf3 Bf6 14.Be3 Qa5 15.Qd2 Rac8
16.Nd1 Qxd2 17.Bxd2 Nb4 18.Bxb4 cxb4 19.Rb1 Nc5 20.Re3 Bd8 21.d4 Nd7 22.Rb3 e5
23.Rxb4 exd4 24.c5 Nxc5 25.Rxd4 Ne6 26.Rxd6 Bc7 27.Rd7 Nc5 28.Rd5 Nxe4 29.f5 Bg3
30.Rd4 Rfe8 31.Kf1 Rc2 32.a3 Nd2+  0-1

[Event "Rapid"]
[Site "Beer Sheva ISR"]
[Date "2004.04.20"]
[Round "7"]
[White "Vydeslaver,Ali"]
[Black "Greenfeld,A"]
[Result "1/2-1/2"]
[WhiteElo "2448"]
[BlackElo "2551"]

1.e4 c5 2.Nf3 d6 3.Bb5+ Bd7 4.Bxd7+ Qxd7 5.O-O Nf6 6.e5 dxe5 7.Nxe5 Qc7 8.Re1 Nc6
9.Nxc6 Qxc6 10.b3 e6 11.Bb2 Be7 12.Qe2 Nd5 13.Qe4 O-O-O 14.d3 Bf6 15.Bxf6 gxf6
16.Nd2 Rhg8 17.a3 Rg6 18.Nc4 Rdg8 19.g3 h5 20.Ne3 Ne7 21.Ng2 f5 22.Qxc6+ Nxc6
23.c3 Rh6 24.Kf1 Rd8 25.Rad1 Ne7 26.b4  1/2-1/2

[Event "Rapid"]
[Site "Beer Sheva ISR"]
[Date "2004.04.21"]
[Round "11"]
[White "Tseitlin,Ma"]
[Black "Greenfeld,A"]
[Result "0-1"]
[WhiteElo "2455"]
[BlackElo "2551"]

1.e4 c5 2.Nf3 d6 3.Bb5+ Bd7 4.Bxd7+ Qxd7 5.O-O Nf6 6.e5 dxe5 7.Nxe5 Qc7 8.d4 cxd4
9.Bf4 Qb6 10.Nd2 e6 11.Ndc4 Qc5 12.Qf3 Qd5 13.Rad1 Bc5 14.Qxd5 Nxd5 15.Nd3 b6
16.Bd6 Bxd6 17.Nxd6+ Ke7 18.Nb5 Nc6 19.Ne1 e5 20.c4 Nf4 21.g3 Ne6 22.f4 a6
23.Na3 e4 24.f5 e3 25.Rb1 Nc5 26.b4 Ne4 27.Rf4 Nc3 28.Rb2 Rhd8 29.Nd3 f6
30.Nc2 Ne2+ 31.Kf1 Nxf4 32.gxf4 b5 33.Na3 Rdb8 34.Ke2 a5 35.Nxb5 axb4 36.Kf3 g6
37.fxg6 hxg6 38.Rg2 Rh8 39.Ke4 Rad8 40.Rxg6 Kf7 41.Rg2 Rh3 42.c5 e2 43.Nd6+ Rxd6
44.cxd6 Rxd3 45.Rxe2 Rc3 46.Kd5 d3 47.Rd2 f5 48.h4 Kf6 49.h5 b3 50.axb3 Rc2
51.Rd1 Nb4+ 52.Kd4 Ke6 53.h6 Kxd6 54.h7 Rh2 55.Kc4 Nc6 56.Rxd3+ Kc7 57.b4 Rxh7
58.b5 Na5+ 59.Kb4 Nb7 60.Rd5 Rf7 61.Re5 Kd6 62.Re1 Re7 63.Rd1+ Kc7 64.Rc1+ Kd8
65.b6 Re4+ 66.Kb5 Nd6+ 67.Kc6 Ke7 68.Rh1 Nc4 69.b7 Na5+ 70.Kd5 Nxb7 71.Rh7+ Kf6
72.Rxb7 Rxf4 73.Rb8 Ra4 74.Rg8 f4 75.Rh8 Kf5 76.Rf8+ Kg4 77.Ke5 Kf3 78.Rb8 Kg3  0-1

[Event "TCh-RUS w"]
[Site "Sochi RUS"]
[Date "2004.04.22"]
[Round "3"]
[White "Slavina,I"]
[Black "Kovalevskaya,E"]
[Result "0-1"]
[WhiteElo "2395"]
[BlackElo "2467"]

1.e4 c5 2.Nf3 d6 3.Bb5+ Bd7 4.Bxd7+ Qxd7 5.O-O Nf6 6.Re1 Nc6 7.b3 g6 8.c3 Bg7
9.d4 d5 10.Ne5 Nxe5 11.dxe5 Ng4 12.exd5 Nxe5 13.Be3 O-O-O 14.Bxc5 Nc6 15.d6 Qf5
16.b4 exd6 17.Be3 d5 18.b5 d4 19.bxc6 dxe3 20.cxb7+ Kb8 21.Qe2 Qxf2+ 22.Qxf2 exf2+
23.Kxf2 Rd7 24.a4 Rxb7 25.Ra2 Rc8 26.Rd2 Bxc3 27.Nxc3 Rxc3 28.Re4 Rbc7 29.Re8+ Kb7
30.Ree2 R3c4 31.Ra2 Ka6 32.h3 h5 33.Red2 Ka5 34.Rd5+ R4c5 35.Rc2 Kb4 36.Rd4+ Kb3
37.Rcd2 Rc2 38.Rxc2 Rxc2+ 39.Kf3 Rc3+ 40.Ke2 Rc2+ 41.Kf3 Rc3+ 42.Ke2 a5 43.Rf4 f5
44.Rd4 Rc5 45.Kf2 Rc4 46.Rd6 Rxa4 47.Rxg6 Rc4 48.Rg5 a4 49.Rxf5 a3 50.Rb5+ Rb4
51.Re5 a2 52.Re3+ Kb2 53.Re2+ Ka3 54.Re3+ Rb3  0-1

[Event "6th Open"]
[Site "Dubai UAE"]
[Date "2004.04.23"]
[Round "5"]
[White "Hamdani,R"]
[Black "Chokshi,M"]
[Result "0-1"]
[WhiteElo "2385"]
[BlackElo "2223"]

1.e4 c5 2.Nf3 d6 3.Bb5+ Bd7 4.Bxd7+ Qxd7 5.d4 cxd4 6.Nxd4 Nf6 7.Nc3 e6 8.O-O Be7
9.f4 O-O 10.Kh1 Nc6 11.Be3 Rac8 12.Qf3 Nxd4 13.Bxd4 b5 14.a3 a5 15.Qd3 Qc6
16.e5 dxe5 17.fxe5 Nd5 18.Rf3 Nxc3 19.bxc3 Bc5 20.Raf1 Bxd4 21.cxd4 Qxc2
22.Qxb5 Qd2 23.h3 Rc2 24.R3f2 Qxf2 25.Rxf2 Rxf2 26.Qxa5 h6 27.d5 exd5 28.Qxd5 Re8
29.Qb7 Re6 30.g4 Rf3 31.Qb8+ Kh7 32.Qb1+ g6 33.Qb7 Rf4 34.a4 Rxe5 35.Qc7 Ree4
36.a5 Rc4 37.Qe5 Rf2 38.Kg1 Ra2 39.Qe1 Rc3  0-1

[Event "TCh-RUS 1st Liga"]
[Site "Sochi RUS"]
[Date "2004.04.23"]
[Round "4"]
[White "Demakov,P"]
[Black "Sharafiev,A"]
[Result "0-1"]
[WhiteElo "2223"]
[BlackElo "2255"]

1.e4 c5 2.Nf3 d6 3.Bb5+ Bd7 4.Bxd7+ Nxd7 5.O-O e6 6.c4 Ne5 7.Ne1 g5 8.d3 Bg7
9.Nc3 h6 10.f4 gxf4 11.Bxf4 Ne7 12.Nf3 N7g6 13.Nxe5 Bxe5 14.Bxe5 dxe5 15.Qf3 Qe7
16.Ne2 h5 17.g3 Rd8 18.b4 h4 19.bxc5 O-O 20.Qe3 Rd7 21.Rf3 Rc8 22.c6 Rxc6
23.Qh6 Qf8 24.Qh5 Ra6 25.Raf1 Qg7 26.Ra1 Rad6 27.Rd1 Ra6 28.Ra1 Ra5 29.d4 Nf4
30.Nxf4 exf4 31.e5 Rxd4 32.Qxh4 Rxe5 33.Raf1 Re2 34.Qh3 Rdd2 35.g4 Qd4+ 36.Kh1 Qb2  0-1

[Event "TCh-RUS w"]
[Site "Sochi RUS"]
[Date "2004.04.23"]
[Round "4"]
[White "Mashinskaya,I"]
[Black "Kineva,E"]
[Result "1-0"]
[WhiteElo "2253"]
[BlackElo "2146"]

1.e4 c5 2.Nf3 d6 3.Bb5+ Bd7 4.Bxd7+ Qxd7 5.c4 Nf6 6.Nc3 Nc6 7.O-O g6 8.d4 cxd4
9.Nxd4 Bg7 10.Nde2 Qe6 11.Nd5 Qxe4 12.Nc7+ Kd7 13.Nxa8 Qxc4 14.Nb6+ axb6
15.b3 Qh4 16.Bf4 Nh5 17.Bg3 Nxg3 18.fxg3 Qe4 19.Rc1 Nd4 20.Nc3 Qe6 21.Re1 Qf5
22.Na4 Qa5 23.b4 Qa7 24.Nc3 b5 25.Kh1 e6 26.Ne2 Nc6 27.Nf4 Qxa2 28.Qd3 Qa6
29.Qe4 Ne5 30.Nd3 Nc4 31.Rcd1 Qc6 32.Qh4 b6 33.Qf4 f5 34.g4 Rf8 35.g5 Bc3
36.Re2 e5 37.Qh4 Rf7 38.Ra2 Ke6 39.Qh3 Bd4 40.Nf4+ exf4 41.Rxd4 Ne3 42.Rad2 Qc1+
43.Rd1 Nxd1 44.Qb3+ Ke7 45.Rxd1 Qe3 46.Qd5 Qe5 47.Qd2 Kd7 48.Re1 Qg7 49.Qd5 Re7
50.Qxb5+ Kc7 51.Rc1+ Kb7 52.Qc6+ Ka7 53.h3 Qd4 54.Qa4+ Kb8 55.Qc6 Ka7 56.Qa4+ Kb8
57.Qa6 Re8 58.Ra1 Kc7 59.Qa7+ Kc6 60.Rc1+ Kd5 61.Qb7+ Ke5 62.Re1+ Qe3 63.Rxe3+ fxe3
64.Kg1 d5 65.Kf1 d4 66.Qc7+ Ke6 67.Qxb6+ Kf7 68.Qf6+ Kg8 69.Qxd4  1-0

[Event "TCh-RUS 1st Liga"]
[Site "Sochi RUS"]
[Date "2004.04.23"]
[Round "4"]
[White "Ustinov,V RUS"]
[Black "Sergienko,S"]
[Result "1/2-1/2"]
[WhiteElo "2246"]
[BlackElo "2404"]

1.e4 c5 2.Nf3 d6 3.Bb5+ Nd7 4.d4 Nf6 5.O-O cxd4 6.Qxd4 e5 7.Qd3 h6 8.c4 Be7
9.Nc3 O-O 10.Bxd7 Bxd7 11.Be3 a6 12.a4 b6 13.h3 Qc7 14.Rfc1 Qb7 15.Ne1 Rfc8
16.f3 Be6 17.b3 Nd7 18.Rab1 Rf8 19.Nc2 f5 20.Nb4 Rf7 21.Nbd5 Bf8 22.Bf2 f4
23.b4 Rb8 24.a5 bxa5 25.bxa5 Qc6 26.Rxb8 Nxb8 27.Nb6 g5 28.Ncd5 h5 29.Kf1 Kg7
30.Nb4 Qb7 31.Rc2 Nc6 32.Nxc6 Qxc6 33.Qb3 Rb7 34.Ke2 Kg6 35.Kd3 g4 36.hxg4 hxg4
37.Rb2 Kg5 38.Rb1 Rh7 39.Nd5 Rh2 40.Rg1 g3 41.Bb6 Qd7 42.Qa3 Kg6 43.Qc3 Qc6
44.Qb3 Qb7 45.Qb4 Kf7  1/2-1/2